| 000 | 00535nam a22001817a 4500 | ||
|---|---|---|---|
| 005 | 20240920155412.0 | ||
| 008 | 240919b |||||||| |||| 00| 0 eng d | ||
| 020 | _a978-93-5480-276-8 | ||
| 041 | _aeng | ||
| 082 | _a362.1782 | ||
| 100 |
_aVED,DR.AKASH & HANDE, DR. RUPALI AMOL AND GARG, MR. NAVEEN _98560 |
||
| 245 | _aCOMMUNITY PHARMACY & MANAGEMENT [D.PHARMA, 2ND YEAR] | ||
| 250 | _a1ST RE.PRINT ED. 2024 | ||
| 260 |
_aLUCKNOW _bTHAKUR PUBLICATION PVT.LTD |
||
| 300 | _a256;P | ||
| 650 |
_aPHARMACY _xD.PHARMA |
||
| 942 | _cBK | ||
| 999 |
_c8689 _d8687 |
||